000 00826nam a22002057a 4500
999 _c194260
_d194260
005 20230127100945.0
010 _aB-746600-601 E.N.A./7.11.22
020 _a9789355010049
_c1575.00
035 _aB-746600-601
037 _bAakar
082 _a547
100 _aBahl, Arun
245 _aAdvanced Organic Chemistry:
_bSixth Edition/
_cArun Bahl and B S Bahl
260 _aNew Delhi
_bS. Chand and Company LTD
_c2022
270 _aBlock B-1, House No. D-1, Ground Floor, Mohan Co-operative Industrial Estate,
_bNew Delhi
_e110044
300 _axii,1483p.
_c25cm(hbk)
700 _aBahl, B S
942 _2ddc
_cEN
_mBAH
_h547